Motýl : (písničky) /

Další knížka písňových textů navazujících na autorovu sbírku Klokočí. Obsahuje hlavně texty z filmové revue Kdyby tisíc klarinetů, scénického Recitalu, džezové opery Dobře placená procházka a některé písně starší

Hlavní autor: Suchý, Jiří, 1931 říjen 1.-
Další autoři: Seydl, Zdenek, 1916-1978
Jazyk: Čeština
Vydáno: Praha : Československý spisovatel, 1965
Vydání: 1. vyd.
Externí odkaz: Digitalizovaný dokument
Fyzický popis: 136, [5] s. : il. ; 8°
Knihy
Uloženo v:
LEADER 01263nam a22002892a 4500
001 000099945
003 CZ BrMZK
005 20091109083751.0
007 ta
008 950101s1965 xr a f cze d
015 |a cnb000157107 
035 |a (OCoLC)23956423 
040 |a ABA001  |b cze  |c CBA001  |d ABA001  |d BOA001 
080 9 |a 885-192-192.2 
100 1 |a Suchý, Jiří,  |d 1931 říjen 1.-  |7 jk01121734  |4 aut 
245 1 0 |a Motýl :  |b (písničky) /  |c Jiří Suchý ; kresby Zdenek Seydl 
250 |a 1. vyd. 
260 |a Praha :  |b Československý spisovatel,  |c 1965  |e (Vimperk :  |f Stráž) 
300 |a 136, [5] s. :  |b il. ;  |c 8° 
500 |a 33000 výt. 
520 |a Další knížka písňových textů navazujících na autorovu sbírku Klokočí. Obsahuje hlavně texty z filmové revue Kdyby tisíc klarinetů, scénického Recitalu, džezové opery Dobře placená procházka a některé písně starší 
700 1 |a Seydl, Zdenek,  |d 1916-1978  |7 jk01110817  |4 ill 
856 4 1 |u http://www.digitalniknihovna.cz/mzk/uuid/uuid:9de29530-3832-11e4-8f64-005056827e52  |y Digitalizovaný dokument  |x NDK 
910 |a BOA001  |b 1-0546.844 
990 |a BK 
991 |b 200907 
996 6 |b 2619992342  |c 1-0546.844  |l MZK  |r Sklad / do 1 hodiny  |n 2  |w 000099945  |u 000010  |a 1  |e BOA001  |j MZK50  |s P